Anglophone Jewish literatures /

Bibliographic Details
Other Authors: Stähler, Axel
Format: Book
Language:English
Published: London ; New York : Routledge, 2007.
Series:Routledge studies in twentieth-century literature ; 6.
Subjects:
Online Access:Table of contents only
Publisher description

MARC

Tag First Indicator Second Indicator Subfields
LEADER 00000cam a22000004a 4500
001 in00002348713
005 20151108065247.0
008 070405s2007 enk b 001 0 eng
010 |a  2007014081 
015 |a GBA747175  |2 bnb 
016 7 |a 013772546  |2 Uk 
020 |a 0415414644 (hbk.) 
020 |a 0203939220 (ebk.) 
020 |a 9780415414647 (hbk.) 
020 |a 9780203939222 (ebk.) 
035 |a (OCoLC)ocn123029387 
035 |a (OCoLC)123029387 
040 |a DLC  |c DLC  |d BTCTA  |d UKM  |d BAKER  |d BWKUK  |d YDXCP  |d UtOrBLW 
043 |a e-uk-en  |a n-us--- 
049 |a TXAM 
050 0 0 |a PR1110.J48  |b A54 2007 
082 0 0 |a 820.808924/09045  |2 22 
245 0 0 |a Anglophone Jewish literatures /  |c edited by Axel Stähler. 
264 1 |a London ;  |a New York :  |b Routledge,  |c 2007. 
300 |a xiv, 290 pages ;  |c 24 cm. 
336 |a text  |b txt  |2 rdacontent 
337 |a unmediated  |b n  |2 rdamedia 
338 |a volume  |b nc  |2 rdacarrier 
490 1 |a Routledge studies in twentieth-century literature ;  |v 6 
504 |a Includes bibliographical references (pages [255]-277) and index. 
505 0 |a The Jewish imaginary in non-Jewish Anglophone literature(s) -- Changing centres, changing peripheries and spaces in-between : Jewish writing from the Anglophone diaspora(s) : America -- Changing centres, changing peripheries and spaces in-between : Jewish writing from the Anglophone diaspora(s) : Britain -- Changing centres, changing peripheries and spaces in-between : Jewish writing from the Anglophone diaspora(s) : postcolonia -- The 'loquation' of Jewish culture -- Anglophone Jewish writers. 
650 0 |a English literature  |x Jewish authors. 
650 0 |a American literature  |x Jewish authors. 
700 1 |a Stähler, Axel. 
830 0 |a Routledge studies in twentieth-century literature ;  |v 6. 
856 4 1 |3 Table of contents only  |u http://www.loc.gov/catdir/toc/ecip0715/2007014081.html  |t 0 
856 4 2 |3 Publisher description  |u http://www.loc.gov/catdir/enhancements/fy0731/2007014081-d.html  |t 0 
938 |a Baker and Taylor  |b BTCP  |n BK0007347547 
938 |a YBP Library Services  |b YANK  |n 2584346 
938 |a Baker & Taylor  |b BKTY  |c 150.00  |d 150.00  |i 0415414644  |n 0007347547  |s active 
945 |a PromptCat  |b 315177 
946 |a stk 
947 |a A14836533062 
994 |a 92  |b TXA 
948 |a cataloged  |b h  |c 2008/1/24  |d c  |e asalazar  |f 5:11:15 pm 
999 |a MARS 
999 f f |s b9d6df5c-511d-3882-a38c-7e1ce4c54ef2  |i e2d0c515-5b6a-3181-9a47-756bfba84ae9  |t 0 
952 f f |p normal  |a Texas A&M University  |b College Station  |c Sterling C. Evans Library  |d Evans: Library Stacks  |t 0  |e PR1110.J48 A54 2007  |h Library of Congress classification  |i unmediated -- volume  |m A14836533062 
998 f f |a PR1110.J48 A54 2007  |t 0  |l Evans: Library Stacks